Gold of the pharaohs : an exhibition provided by the Egyptian Antiquities Organisation /
Main Author:
Corporate Authors: , , ,
Format: Book
Language: English
Published:
[Melbourne] : [Sydney, N.S.W., Australia] :
Museum of Victoria ; International Cultural Corp. of Australia,
[c1989].
Edition: [Rev. ed.]
Subjects:
Tags: Add Tag
Call Number: DT58.9 .H67 1989
| LEADER | 01320nam a2200337 a 4500 | ||
|---|---|---|---|
| 001 | 10585 | ||
| 003 | OSt | ||
| 005 | 20260503123447.0 | ||
| 008 | 130303s1989 at a bc 000 0 eng d | ||
| 010 | |a 90172509 | ||
| 020 | |a 0642137749 | ||
| 040 | |c ARCE Library | ||
| 043 | |a f-ua--- | ||
| 050 | 4 | |a DT58.9 .H67 1989 | |
| 100 | 1 | |a Hope, Colin A., |e author | |
| 245 | 1 | 0 | |a Gold of the pharaohs : |b an exhibition provided by the Egyptian Antiquities Organisation / |c Colin A. Hope. |
| 250 | |a [Rev. ed.] | ||
| 264 | 1 | |a [Melbourne] : |b Museum of Victoria ; |a [Sydney, N.S.W., Australia] : |b International Cultural Corp. of Australia, |c [c1989]. | |
| 300 | |a 143 pages : |b illustrations (some color) ; |c 26 cm. | ||
| 500 | |a Catalog of an loan exhibition held at the Queensland Art Gallery, Brisbane and other galleries, August 17, 1988-June 11, 1989. | ||
| 504 | |a Includes bibliographical references (page 141). | ||
| 650 | 0 | |a Art objects, Egyptian |v Exhibitions. | |
| 650 | 0 | |a Goldwork, Ancient |z Egypt |v Exhibitions. | |
| 651 | 0 | |a Egypt |x Antiquities |v Exhibitions. | |
| 710 | 2 | |a Hayʾat al-Āthār al-Miṣrīyah. | |
| 710 | 2 | |a International Cultural Corporation of Australia Limited. | |
| 710 | 2 | |a Museum of Victoria. | |
| 710 | 2 | |a Queensland Art Gallery. |9 23514 | |
| 901 | |a reviewed | ||
| 942 | |2 lcc |c BK | ||
| 999 | |c 13884 |d 13884 | ||
